| 000 | 00658nam a2200181 a 4500 | ||
|---|---|---|---|
| 008 | 071120s2005 ||||||||||||||||| || u | ||
| 020 | _a0750666331 | ||
| 050 | _aTD 426 Gra | ||
| 100 | _aGray, N. F | ||
| 245 | 1 | 0 |
_aWater technology: an introduction for environmental scientists and engineers (2nd ed.) _cN. F. Gray |
| 250 | _a2nd ed. | ||
| 260 |
_aOxford _bElsevier _c2005 |
||
| 300 | _axx, 645p.: ill. | ||
| 350 | _a0.00 | ||
| 650 | _aWATER | ||
| 650 | _aWATER-SUPPLY ENGINEERING | ||
| 995 |
_D0.00 _FCBU-MAIN LIBRARY (Kitwe) _H1 _I0.00 _M1 _UAVAILABLE _WNov 20, 2007 _ZMain Library Open Access Collection |
||
| 999 |
_c61507 _d61507 |
||